[Event "GER-ch 75th"]
[Site "Hoeckendorf"]
[Date "2004.02.05"]
[Round "7"]
[White "Ott, Frank"]
[Black "Gutman, Lev"]
[Result "0-1"]
[WhiteElo "2313"]
[BlackElo "2497"]
[Annotator "Atlas,V"]
[PlyCount "68"]
[EventDate "2004.01.30"]
[EventType "swiss"]
[EventRounds "9"]
[EventCountry "GER"]
[SourceTitle "CBM 100"]
[Source "ChessBase"]
[SourceDate "2004.06.01"]
[SourceVersion "1"]
[SourceVersionDate "2004.06.01"]
[SourceQuality "1"]

1. e4 c5 2. Nf3 d6 3. Bb5+ Nc6 4. d4 cxd4 5. Qxd4 Bd7 6. Bxc6 Bxc6 7. Nc3 e5 8.
Qd3 h6 9. O-O Nf6 10. Rd1 b5 11. Nd2 Qd7 12. a4 $5 ({An interesting pawn
sacrifice yielding White a durable initiative. Dieses interessante Bauernopfer
verschafft Weiß eine dauerhafte Initiative.} 12. Nd5 {also deserved attention.
verdiente ebenfalls Aufmerksamkeit.}) 12... b4 13. Nd5 Nxd5 14. exd5 Bxa4 15.
Nc4 Bb5 ({Also possible was Ebenfalls möglich war} 15... Rc8 $5 16. b3 Bb5 17.
Be3 a6) 16. Qb3 Bxc4 17. Qxc4 a5 18. Be3 Be7 19. c3 bxc3 20. Qxc3 Bd8 21. f4
Rc8 22. Qe1 O-O 23. fxe5 dxe5 24. d6 Re8 25. Rd5 Re6 26. Qd2 Rg6 27. Kh1 Qf5 $6
({Not the best move. Nicht der beste Zug.} 27... e4 {was to be preferred. war
vorzuziehen.}) 28. Bc5 Bg5 $6 29. Qe2 Bf6 30. Rxa5 {After regaining the pawn,
White has better prospects in the middlegame. Nach dem Rückgewinn des Bauern
hat Weiß in dem Mittelspiel die besseren Aussichten.} Rg4 31. Ra1 Re4 32. Qd3
$4 ({A terrible blunder, severely punished by Black. After the prudent Ein
schrecklicher Bock, der von Schwarz drastisch bestraft wird. Nach dem
umsichtigen} 32. Qd1 {White retained better chances due to his passed pawn d6.
behielte Weiß dank seines Freibauern d6 die besseren Chancen.}) {[%tqu "En",
"White's last move was a terrible mistake. How would you prove it?","Exploit
the shaky position of the enemy queen and try to deflect White's d5-rook.",
"Use your c8-rook for the decisive blow.","c8c5","A capital punishment of
White's careless play. Now the game is over.",5,"De","Der letzte weiße Zug war
ein schrecklicher Fehlgriff. Wie würden Sie dies nachweisen?","Nutzen Sie die
unsichere Stellung der feindlichen Dame und versuchen Sie, den weißen Turm d5
abzulenken.","Der Turm c8 soll den K.o.-Schlag versetzen.","c8c5","Eine
drastische Bestrafung des sorglosen weißen Spiels. Nun ist die Partie vorbei.",
5]} 32... Rxc5 $1 {[%csl Gc5,Rd3,Rd5,Ge4,Gf5] A convincing refutation of
White's careless queen move. Eine überzeugende Widerlegung des sorglosen
weißen Damenzuges.} 33. d7 ({Or Oder} 33. Rxc5 Re1+ 34. Rxe1 Qxd3 {, winning.
mit Gewinn.}) 33... Rxd5 34. Qxd5 Rd4 {, and White resigned, as he has no
compensation for the piece. und Weiß gab auf, denn er hat keine Kompensation
für die Figur.} 0-1

[Event "Corus"]
[Site "Wijk aan Zee"]
[Date "2003.01.18"]
[Round "6"]
[White "Timman, Jan H"]
[Black "Topalov, Veselin"]
[Result "0-1"]
[WhiteElo "2594"]
[BlackElo "2743"]
[Annotator "Atlas,V"]
[PlyCount "110"]
[EventDate "2003.01.11"]
[EventType "tourn"]
[EventRounds "13"]
[EventCountry "NED"]
[EventCategory "18"]
[SourceTitle "CBM 093"]
[Source "ChessBase"]
[SourceDate "2003.04.01"]
[SourceVersion "1"]
[SourceVersionDate "2003.04.01"]
[SourceQuality "1"]

1. e4 {Mueller,Karsten} c5 2. Nf3 Nc6 3. Bb5 d6 4. d4 cxd4 5. Qxd4 Bd7 6. Bxc6
Bxc6 7. Nc3 Nf6 8. Bg5 e6 9. O-O-O Be7 10. Rhe1 O-O 11. Kb1 h6 12. Bh4 Qa5 13.
Qd2 Qh5 14. h3 g5 15. Bg3 e5 16. Qd3 Rad8 17. Nd2 d5 18. Bxe5 dxe4 19. Qe3 Nd5
20. Nxd5 Rxd5 21. Bd4 f5 22. f3 Rfd8 23. c3 Rxd4 24. cxd4 f4 25. Qb3+ Bd5 26.
Qc2 e3 27. Ne4 Qf7 28. Nc3 Be6 29. d5 Bf5 30. Ne4 Rxd5 31. Rxd5 Qxd5 32. Rd1
Qe6 33. Ka1 h5 34. a3 Kf7 35. Qa4 Bxe4 36. fxe4 Bf6 37. Qc2 Qc6 38. Kb1 g4 39.
hxg4 hxg4 40. Qd3 Qe6 41. g3 f3 42. Qxe3 Be5 43. Qg5 Bxg3 44. Qh5+ Kg7 45. Qg5+
Kf7 46. Qh5+ Kg7 47. Ka1 f2 48. Qg5+ Kf7 49. Qh5+ Kg7 50. Rh1 $6 {Too risky.
Draw by perpetual was the best option for White.} Be5 $1 51. Qh7+ Kf8 52. Qxb7
g3 53. Rc1 {'?' Mueller,Karsten.} (53. Rd1 $142 {Mueller,Karsten}) {[%tqu "En",
"Black's passed pawn are very dangerous, but White is threatening 54.Rc8+. Can
you find Topalov's brilliant winning move?","Exploit the power of Black's
passed f-pawn.","Sacrifice your queen to deflect the white rook.","e6c4",
"That's it. A remarkable queen sacrifice wins immediately.",6]} 53... Qc4 $3 {
[%csl Ra1,Rc1][%cal Gf2f1] The winning move.} 54. Qa8+ (54. Rxc4 {The queen is
invulnerable:} f1=Q+ 55. Ka2 Qxc4+ {, and Black wins.}) 54... Ke7 55. Qxa7+ Bc7
$1 {[%csl Gf2,Gg3][%cal Gg3g2,Gf2f1]} (55... Bc7 $1 {The shortest way to the
victory. After} 56. Qxc7+ (56. Rxc4 f1=Q+ 57. Ka2 Qxc4+) 56... Qxc7 57. Rxc7+
Kd6 58. Rc1 (58. Rf7 g2 59. Rxf2 g1=Q+) 58... g2 {Black's pawns are
unstoppable.}) 0-1

[Event "ISR-chT"]
[Site "Israel"]
[Date "2002.01.18"]
[Round "2.2"]
[White "Vydeslaver, Alik"]
[Black "Avrukh, Boris"]
[Result "0-1"]
[WhiteElo "2405"]
[BlackElo "2591"]
[Annotator "Avrukh,B"]
[PlyCount "76"]
[EventDate "2002.01.10"]
[EventType "team"]
[EventRounds "11"]
[EventCountry "ISR"]
[SourceTitle "CBM 088"]
[Source "ChessBase"]
[SourceDate "2002.03.21"]
[SourceVersion "1"]
[SourceVersionDate "2002.03.21"]
[SourceQuality "1"]

1. e4 c5 2. Nf3 d6 3. d4 cxd4 4. Qxd4 Nc6 5. Bb5 Bd7 6. Bxc6 Bxc6 7. Nc3 Nf6 8.
Bg5 e6 9. O-O-O Be7 10. Qd3 Qa5 11. Kb1 (11. Bh4 O-O 12. Nd4 Rfc8 13. f4 b5 $5
$132) (11. h4 $5) 11... O-O 12. h4 Rfc8 (12... Qa6 $5) 13. Nd4 b5 14. f3 (14.
Nxc6 $140 $2 Rxc6 15. Qxb5 Qc7 $36 {[%csl Rb1][%cal Ga8b8]}) 14... b4 15. Nce2
Be8 $5 {[%mdl 8] In my opinion the best square for my bishop in such a kind of
positions.} (15... Bb7 $2 16. g4 Ba6 17. Qd2 $16) (15... Rab8 $143 16. g4 Qc7
17. Ng3 Be8 18. Nh5 $1 Nxh5 19. gxh5 h6 20. Bxh6 $1 gxh6 21. Rhg1+ Kf8 22. e5 {
[%cal Gd3h7]} Ba4 23. Qh7 Ke8 24. b3 $16 {1-0 Folk,P-Jirovsky,P/Nymburk 1997/
EXT 99 (53)}) (15... h6 $5 16. Bxf6 Bxf6 17. g4 Bb7 18. f4 Qa6 19. g5 (19. Qe3
Qc4 20. g5 $140 $2 Bxd4 21. Nxd4 e5 {[%csl Gc2]}) 19... Qxd3 20. cxd3 Bd8 21.
gxh6 gxh6 22. f5 e5 23. Nc2 d5 $13 {0-1 Movsesian,S-Hracek,Z/CZE 1996/EXT 98 
(48)}) 16. g4 Rc7 17. f4 ({Another interesting option for white was:} 17. Ng3
Rac8 18. Nh5 $5 {sacrificing pawn,but open g-file} Nxh5 19. Bxe7 Rxe7 (19...
Nf4 $143 20. Qe3 Rxe7 21. Qxf4 $16 {[%csl Gd6]}) 20. gxh5 Qxh5 21. Rdg1 $44)
17... Rac8 18. Bxf6 Bxf6 19. g5 Be7 20. Rd2 $1 {defending c2-pawn} ({Too early
} 20. f5 $6 e5 21. f6 {[%cal Gd4f5]} exd4 22. fxe7 Bb5 $1 23. Qd2 Bxe2 24. Qxe2
Qe5 $1 $15) (20. h5 e5 $1 21. Nf5 Bf8 {[%csl Gc2][%cal Ge8b5]} 22. Rd2 Ba4 $1 (
22... Bb5 23. Qe3 Bc4 24. Nc1 $13) 23. Rc1 Bb5 24. Qe3 Bc4 25. b3 {[%csl Rb2,
Rc3]} Bxe2 26. Qxe2 exf4 $15) 20... Qb6 $1 {[%cal Gc7c3,Ga7a5,Ga5a4]} 21. Qf3 {
21...Rc3 was threatening} (21. f5 $2 Rc3) (21. Qh3 $5) 21... Rc3 (21... a5) 22.
Qg4 $6 (22. Rd3 $142 Rxd3 (22... R3c5 23. h5 $40) 23. cxd3 Qc7 (23... e5 24.
Nf5 Bf8 25. h5 Bd7 26. g6 $40) 24. Rc1 Qb7 $13) 22... Bd7 $1 {[%csl Ge6]} (
22... a5 $2 23. g6 $1 hxg6 24. h5 $18) 23. h5 (23. g6 fxg6 24. h5 g5 $1 25.
fxg5 R3c5 26. g6 h6 $13) 23... Re3 $5 (23... a5 $5) 24. Ng3 (24. g6 Rxe4 (24...
Bf6 $13) 25. h6 hxg6 $1 26. hxg7 Bf6 $17) 24... a5 $1 {[%csl Rb1][%cal Ga5a4,
Gb4b3]} (24... Rcc3 $5 {was very nice ,but isn't clear for me during the game}
25. Nde2 Rc4 {[%cal Gc4g4]} 26. g6 fxg6 27. hxg6 h6 28. e5 $1 {[%csl Gd7]} Bc8
(28... Rxe5 29. b3 $16) (28... d5 $140 $2 29. Rxd5 exd5 30. Qxd7 $18 {[%csl
Gg8]}) 29. exd6 Bxd6 30. Rhd1 Be7 $13) 25. g6 (25. f5 {was another very sharp
option for white} e5 26. Nf3 Rcc3 $1 {[%csl Gf3,Gg3] very important to move
white rook from d-file} (26... b3 $2 27. cxb3 Qb4 28. Rhd1 $16) (26... a4 27.
g6 fxg6 (27... b3 $2 28. gxh7+ Kh8 29. h6 g6 30. Ng5 Rf8 31. fxg6 $1 fxg6 (
31... Bxg4 32. g7#) 32. Qxd7 $18) 28. hxg6 h6 29. Nxe5 $1 dxe5 30. Rxd7 Qc6 {
[%csl Gc2]} 31. Qd1 b3 32. cxb3 Rxg3 33. Rxe7 Qxe4+ 34. Ka1 axb3 $13) 27. Rf2 (
27. Rf1 $2 Rxf3 $1 28. Rxf3 Qg1+ 29. Rf1 Qxg3 $19) 27... a4 28. g6 fxg6 29.
hxg6 h6 $40) 25... fxg6 $1 (25... Bf6 $2 26. gxf7+ Kxf7 27. e5 $1 dxe5 28. Ndf5
$1 $16 {[%csl Gd7,Ge3]}) 26. hxg6 h6 27. Nf3 $1 (27. f5 {was the first idea of
my opponent,but suddenly he discovered,that after:} e5 28. Ne6 a4 $1 29. Nxg7 {
this is the idea} (29. f6 Bxf6 30. Nf5 b3 $17) 29... b3 $40 {white achieved
nothing,on the other side black attack looks decisive}) 27... a4 28. f5 {
Typical sicilian game,with attack on both kings on different sidies.} (28. Ne5
$2 dxe5 29. Rxd7 Qc6 30. Rd2 b3 $17) 28... b3 29. cxb3 (29. fxe6 $2 bxc2+ 30.
Rxc2 (30. Kc1 a3 31. b3 Rxb3 $19) 30... Rxc2 31. Kxc2 a3 $1 {[%csl Gc2]} 32. b3
Qc5+ 33. Kd1 Rd3+ $19) 29... axb3 30. fxe6 $2 {For the first sight looks,like
white is first in his attack : the next coming Nf5 and black position will
collapse,but when i played 28...b3 i already found the idea of unexpected
tactics.} (30. a3 $142 $1 Qc5 $1 {[%csl Gc1,Gc2]} (30... e5 $2 31. Nf1 $18 {
[%csl Ge3]}) (30... d5 $6 31. fxe6 Bxe6 32. Nf5 $36) 31. fxe6 Bb5 {[%cal Gb5d3]
} 32. Nd4 $1 (32. Nf5 $2 Bd3+ 33. Rxd3 Qc2+ 34. Ka1 Qc1+ $19) 32... Bd3+ (32...
Bg5 $2 33. Nxb5 Re1+ 34. Rxe1 Bxd2 35. Nc3 Bxe1 36. e7 $1 $18) 33. Rxd3 Rxd3
34. Ngf5 Bg5 (34... Bf6 $143 35. e7 $18 {[%cal Gf5h6,Gg4e6]}) 35. Qxg5 $3 hxg5
36. Ne7+ Kf8 37. Nxc8 Rd1+ 38. Rxd1 Qxc8 $15) 30... bxa2+ 31. Ka1 {Looks like
a quite place for white king,isn't it ?} Rec3 $3 $19 {[%csl Ga1][%mdl 64]
Suddenly white king doesn't look very safe.Black's attack is decisive.} (31...
Bc6 $2 32. Nf5 Bf6 33. e7 $1 {><c8} Re8 $140 34. Nxh6+ gxh6 35. Qe6+ $18) 32.
bxc3 (32. Rdd1 Rc2 $19 {[%csl Gb2]}) (32. exd7 Rc1+ 33. Rxc1 Rxc1+ 34. Kxa2
Qa6+ 35. Kb3 Qc4+ 36. Ka3 Ra1#) 32... Rb8 33. Rxa2 Qb3 $1 {[%csl Gc3,Ge6][%cal
Gd7e6] Now suddenly black is winning} 34. Rc1 Bxe6 35. Qxe6+ Qxe6 {The
position is hopeless for white.The game continuous a few moves} 36. Nd4 Qxg6
37. Ngf5 Bf6 38. Ra7 {with idea Rg7} Qg2 {[%cal Gg2b2]} 0-1

[Event "EU-ch 17th"]
[Site "Gjakova"]
[Date "2016.05.13"]
[Round "2"]
[White "Hracek, Zbynek"]
[Black "Navara, David"]
[Result "1/2-1/2"]
[WhiteElo "2598"]
[BlackElo "2735"]
[Annotator "Besenthal,K"]
[PlyCount "54"]
[EventDate "2016.05.12"]
[EventType "swiss"]
[EventRounds "11"]
[EventCountry "KOS"]
[SourceTitle "CBM 173"]
[Source "ChessBase"]
[SourceDate "2016.07.12"]
[SourceVersion "1"]
[SourceVersionDate "2016.07.12"]
[SourceQuality "1"]

1. e4 c5 2. Nf3 d6 3. d4 cxd4 4. Qxd4 {Diagramm [#]} Nf6 ({Natürlich ist} 4...
Nc6 {an dieser Stelle der meistgespielte Zug.}) 5. Bb5+ Bd7 6. c4 g6 (6... Bxb5
7. cxb5 {wäre aus schwarzer Sicht durchaus möglich gewesen, wurde bislang
aber nur einmal im Amateurbereich erprobt. Der Sb8 hätte auf d7 ein gutes
Feld gefunden.}) 7. Nc3 Bg7 8. Bxd7+ Nbxd7 {Diagramm [#] Die Dame würde im
"Maroczy" auf d7 weniger gut stehen.} 9. O-O O-O 10. Qd3 Rc8 {Diagramm [#]
Schwarz hat keine Probleme. Für Weiß kommt es darauf an, die beiden
Sprengungszüge b7-b5 und d6-d5 zu verhindern. Zugleich muss der Anziehende
aktive Optionen ausloten - keine einfache Aufgabe.} 11. Bd2 Qc7 12. b3 Rfd8 13.
Rac1 e6 14. Rfd1 a6 15. h3 h6 16. Bf4 Ne5 17. Qe2 ({Oder} 17. Qe3 Nh5 $5 18.
Bxh6 Nxf3+ 19. gxf3 Bxh6 20. Qxh6 Qe7 $11) 17... Nfd7 18. Be3 Nxf3+ 19. Qxf3
Qa5 20. Bd2 Qa3 21. Qe2 Rc6 22. Rc2 Rdc8 23. Na4 b5 {Diagramm [#] Jetzt ist
das passiert, was eigentlich - aus weißer Sicht - nicht hätte passieren
sollen, doch Hracek hat eine offensichtliche Lösung parat:} 24. Bc1 Qb4 25.
Bd2 Qa3 26. Bc1 Qb4 27. Bd2 Qa3 1/2-1/2

[Event "URS-ch57"]
[Site "Leningrad"]
[Date "1990.??.??"]
[Round "?"]
[White "Epishin, Vladimir"]
[Black "Dvoirys, Semen I"]
[Result "0-1"]
[WhiteElo "2590"]
[BlackElo "2555"]
[Annotator "Boensch,U"]
[PlyCount "62"]
[EventDate "1990.10.??"]
[EventType "tourn"]
[EventRounds "13"]
[EventCountry "URS"]
[EventCategory "14"]
[SourceTitle "URS-ch"]
[Source "ChessBase"]
[SourceDate "1999.07.01"]
[SourceVersion "1"]
[SourceVersionDate "1999.07.01"]
[SourceQuality "1"]

1. e4 {Boensch} c5 2. Nf3 d6 3. Bb5+ Nc6 4. d4 cxd4 5. Qxd4 Bd7 6. Bxc6 Bxc6 7.
Nc3 Nf6 8. Bg5 e6 9. O-O-O Be7 10. Rhe1 (10. Qd3 {Polgar,J-Yudasin,L Pamplona
1990 -CBM21}) 10... O-O 11. Qd2 (11. Kb1) 11... Qa5 12. Kb1 (12. Nd4 Rac8 13.
Kb1 Kh8 14. f4 $16 {Tal,M-Byrne,R Biel(izt) 1976 -Inf.22/475}) 12... Qa6 (12...
Rfc8 $2 13. Nd5 $16) 13. Nd4 Rfc8 14. f3 (14. f4 $13) 14... b5 15. g4 b4 16.
Nce2 Be8 17. Ng3 h6 $6 18. Be3 Nd7 19. Bxh6 Bf8 $1 (19... gxh6 20. Qxh6 Bf8 21.
Qg5+ Kh7 22. Qh5+ Kg8 23. Ngf5 exf5 (23... f6 24. Nh6+ Bxh6 (24... Kh7 25. Nf7+
Kg8 26. Qg6+ Bg7 27. Nxe6 $18) 25. Qxh6 Bf7 26. g5 e5 (26... fxg5 27. Rg1 $18)
27. gxf6 $18) 24. gxf5 $18) 20. Bg5 (20. Bxg7 $2 Bxg7 21. Nh5 Qa5 22. Nf5 exf5
23. gxf5 (23. Qg5 Qe5 $19) 23... Qe5 $19) 20... Ne5 21. Nh5 Rc5 $1 $44 22. b3
Ra5 23. Qe2 Bb5 24. Nxb5 Rxa2 $1 25. Kc1 $8 Rc8 26. Nd4 Raxc2+ $3 27. Nxc2 Qa1+
28. Kd2 Qc3+ 29. Kc1 Nxf3 30. Kb1 $8 Qxb3+ 31. Kc1 (31. Ka1 Rc5 $19) 31... Qa2
(31... Qa2 32. Bf6 e5 {33...Qa1}) 0-1

[Event "Pamplona 9091 1st"]
[Site "Pamplona"]
[Date "1990.??.??"]
[Round "?"]
[White "Polgar, Judit"]
[Black "Yudasin, Leonid"]
[Result "0-1"]
[WhiteElo "2540"]
[BlackElo "2615"]
[Annotator "Boensch,U"]
[PlyCount "52"]
[EventDate "1990.12.??"]
[EventType "tourn"]
[EventRounds "9"]
[EventCountry "ESP"]
[EventCategory "12"]
[SourceTitle "CBM 021"]
[Source "ChessBase"]
[SourceDate "1991.04.01"]
[SourceVersion "1"]
[SourceVersionDate "1991.04.01"]
[SourceQuality "1"]

1. e4 {Boensch} c5 2. Nf3 d6 3. d4 cxd4 4. Qxd4 Nc6 5. Bb5 Bd7 6. Bxc6 Bxc6 7.
Nc3 Nf6 8. Bg5 e6 9. O-O-O Be7 10. Qd3 $5 (10. Rhe1 {- Epischin,V-Dvoirys,S
URS-ch Leningrad 1990}) 10... Qa5 11. Bh4 (11. Kb1 O-O 12. h4 Rac8 13. Nd4 Rfd8
14. f4 Be8 15. f5 h6 16. Bd2 Qe5 $13 {Panchenko,A.N.-Georgiev,Kr Plovdiv 1982
-ECO S.295}) 11... O-O 12. Nd4 Rfc8 13. f4 b5 14. e5 dxe5 15. fxe5 Nd5 16. Nxc6
(16. Nxd5 $2 Bxh4 $19) (16. Bxe7 Nxe7 $17) 16... Rxc6 17. Bxe7 Nxe7 18. Qd7 (
18. Qxb5 Qc7 $44) 18... b4 (18... Rc7 $4 19. Qd8+) 19. Nb5 (19. Ne4 Qc7 $15 (
19... b3 20. axb3 Qa1+ 21. Kd2 Qxb2 22. Qxe7 $13)) 19... b3 $1 $19 20. a3 (20.
axb3 Qa1+ 21. Kd2 Qxb2 22. Qxe7 (22. Rc1 Qxe5 $19) 22... Rxc2+ 23. Kd3 Qxb3+
24. Ke4 Re2+ 25. Kf4 Qe3+ 26. Kg4 Rxg2+ 27. Kh5 Qh6#) 20... Rxc2+ 21. Kb1 Ng6
22. Rhe1 Rac8 23. Nd4 Nxe5 24. Qb7 Nd3 25. Nxc2 bxc2+ 26. Ka2 Rf8 0-1

[Event "Skei"]
[Site "Skei"]
[Date "1993.??.??"]
[Round "7"]
[White "Rausis, Igors"]
[Black "Djurhuus, Rune"]
[Result "1-0"]
[WhiteElo "2560"]
[BlackElo "2485"]
[Annotator "Boensch,U"]
[PlyCount "35"]
[EventDate "1993.??.??"]
[EventType "tourn"]
[EventRounds "9"]
[EventCountry "NOR"]
[EventCategory "10"]
[SourceTitle "CBM 036"]
[Source "ChessBase"]
[SourceDate "1993.10.01"]
[SourceVersion "1"]
[SourceVersionDate "1993.10.01"]
[SourceQuality "1"]

1. Nf3 c5 2. e4 d6 3. d4 cxd4 4. Qxd4 Nf6 $6 (4... Nc6) (4... a6) 5. e5 dxe5 $2
$146 (5... Nc6 6. Bb5 Qa5+ 7. Nc3 Qxb5 8. Nxb5 Nxd4 9. Nfxd4 dxe5 10. Nc7+ Kd8
11. Nxa8 exd4 12. Bf4 Nd5 13. O-O-O Nxf4 14. Rxd4+ Bd7 15. Rxf4 g6 16. Rc4 Bh6+
(16... Bc6 $13 {Nunn}) 17. Kb1 Bc6 18. b4 e6 19. b5 Bxg2 20. Rg1 $16 {
Messa-Nunn Lugano 1982 -Inf.33/267}) 6. Qxd8+ Kxd8 7. Nxe5 $16 Ke8 8. Nc3 a6 9.
Be2 $1 {/^ h1-a8} e6 10. Bf3 Nbd7 11. Nc4 Ra7 12. Bf4 b5 13. Na5 e5 14. O-O-O
$1 $18 Bc5 (14... exf4 15. Rhe1+ Be7 16. Nc6 Rc7 17. Rxe7+ Kf8 18. Rde1 g5 19.
Nd8 $18) 15. Bg3 (15. Rhe1 Bxf2 16. Re2 Bb6 17. Nc6 Rc7 18. Nxe5 Nxe5 19. Bxe5
Re7 $16) 15... Ng8 16. Nc6 f6 17. b4 $1 Bb6 18. Ne4 (18. Ne4 Rc7 19. Nd6+ Kf8
20. Nxc8 Rxc8 21. Rxd7 $18) 1-0

[Event "British CF-71 Championship"]
[Site "Brighton/ East Sussex"]
[Date "1984.08.02"]
[Round "4"]
[White "Hasan, Younus"]
[Black "Crouch, Colin S"]
[Result "1/2-1/2"]
[WhiteElo "2300"]
[BlackElo "2300"]
[Annotator "Bulletin"]
[PlyCount "29"]
[EventDate "1984.07.30"]
[EventType "swiss"]
[EventRounds "11"]
[EventCountry "GBR"]
[SourceTitle "EXT 1999"]
[Source "ChessBase"]
[SourceDate "1998.11.16"]
[SourceVersion "1"]
[SourceVersionDate "1998.11.16"]
[SourceQuality "1"]

1. e4 c5 2. Nf3 d6 3. d4 Nf6 4. Nc3 cxd4 5. Qxd4 a6 6. Be3 (6. e5 $5 Nc6 7. Qa4
) 6... Nc6 7. Qb6 Bg4 8. Qxb7 Bd7 9. O-O-O Rb8 10. Qxa6 g6 11. Bb5 Ra8 12. Qb7
Rb8 13. Qa6 Ra8 14. Qb7 Rb8 15. Qa6 1/2-1/2

[Event "POL-ch 52nd"]
[Site "Warsaw"]
[Date "1995.??.??"]
[Round "7"]
[White "Grabarczyk, Bogdan"]
[Black "Kempinski, Robert"]
[Result "1/2-1/2"]
[WhiteElo "2375"]
[BlackElo "2435"]
[Annotator "Bulletin"]
[PlyCount "83"]
[EventDate "1995.02.11"]
[EventType "tourn"]
[EventRounds "17"]
[EventCountry "POL"]
[EventCategory "8"]
[SourceTitle "EXT 1999"]
[Source "ChessBase"]
[SourceDate "1998.11.16"]
[SourceVersion "1"]
[SourceVersionDate "1998.11.16"]
[SourceQuality "1"]

1. e4 c5 2. Nf3 d6 3. d4 cxd4 4. Qxd4 a6 5. c4 Nc6 6. Qd2 g6 7. Nc3 (7. b3 Bh6
8. Qb2 Qa5+ 9. Bd2 Bxd2+ 10. Nbxd2 Nf6 11. Bd3 Bg4 12. O-O Bxf3 13. Nxf3 O-O)
7... Bh6 8. Qd1 Bg7 9. Bd3 Nf6 10. O-O O-O 11. Bg5 Bg4 12. h3 Bxf3 13. Qxf3 Rc8
14. Rac1 Nd7 15. Qd1 h6 16. Be3 Nce5 17. b3 Nxd3 18. Qxd3 Nc5 19. Qd2 Kh7 (
19... Bxc3 $2 20. Qxc3 Nxe4 21. Qd4 $16) 20. f3 Qa5 21. Rfd1 Rfe8 22. Nd5 Qxd2
23. Rxd2 Ne6 24. b4 Rc6 25. Rd3 Nc7 26. a4 Na8 27. b5 axb5 28. axb5 Rcc8 29. b6
e6 30. Nb4 Bf8 31. Rb3 d5 32. exd5 $2 (32. c5 $2 Red8 (32... Nxb6 33. cxb6
Rxc1+ 34. Bxc1 Bc5+ 35. Kf1 Bxb6 36. Nd3 $18) 33. exd5 exd5 34. c6 d4 35. cxb7
Rxc1+ 36. Bxc1 Nxb6 37. Nc6) 32... Bxb4 33. Rxb4 exd5 34. Bf2 Re6 35. c5 Rxb6
$1 36. Rxb6 Nxb6 37. Rd1 Na4 38. Rxd5 Kg7 39. Bd4+ Kf8 40. Kf2 Ke7 41. h4 Rc6
42. g4 1/2-1/2

[Event "Tbilisi FIDE GP"]
[Site "Tbilisi"]
[Date "2015.02.22"]
[Round "7"]
[White "Andreikin, Dmitry"]
[Black "Vachier Lagrave, Maxime"]
[Result "1/2-1/2"]
[WhiteElo "2737"]
[BlackElo "2775"]
[Annotator "CB"]
[PlyCount "79"]
[EventDate "2015.02.15"]
[EventType "tourn"]
[EventRounds "11"]
[EventCountry "GEO"]
[EventCategory "20"]
[SourceTitle "CBM 165"]
[Source "ChessBase"]
[SourceDate "2015.03.11"]
[SourceVersion "1"]
[SourceVersionDate "2015.03.11"]
[SourceQuality "1"]

1. e4 c5 2. Nf3 d6 3. d4 cxd4 4. Qxd4 Nc6 5. Bb5 Nf6 6. O-O Bd7 7. Qd3 g6 8. c4
Bg7 9. Nc3 O-O 10. h3 a6 11. Bxc6 Bxc6 12. Nd4 Nd7 13. Be3 Rc8 14. Rac1 Nc5 15.
Qb1 Bd7 16. Rfd1 f5 17. f3 fxe4 18. Nxe4 Bxd4 19. Bxd4 Bf5 20. b4 Nxe4 21. fxe4
Bxh3 $5 22. c5 $1 (22. gxh3 e5 23. Ba7 (23. Bf2 Qg5+ 24. Kf1 Rxf2+ $19) 23...
Rf3 {with a very strong initiative.}) 22... Bg4 23. Qb3+ e6 24. Rf1 Rxf1+ 25.
Rxf1 dxc5 26. Bxc5 Qd2 $6 {Too ambitious.} (26... Qd7 {is probably holdable.
Even though Black is up a pawn his king is weaker than his opponent's, and
with the bishops of opposite color that is usually the most important factor
of a position.}) 27. Qg3 h5 {forced} (27... Bh5 28. Qe5 $18) 28. Qe5 Qh6 {
Black is barely holding on} 29. Bd4 (29. Rf6 $1 b6 $1 {Isn't clear cut, but
White should be better}) 29... h4 $1 {MVL understands how important it is to
create counterplay!} 30. Rf6 h3 31. Rxg6+ Qxg6 32. Qh8+ Kf7 33. Qxc8 Qxe4 {
Black is threatening checkmate, so White has to force the perpetual.} 34. Qd7+
Kg6 35. Qg7+ Kh5 36. Qh8+ Kg6 37. Qf6+ Kh5 38. Qh8+ Kg6 39. Qg7+ Kh5 40. Qh8+
1/2-1/2